Материалы по геологическому изучению Тамбуканского озера (Запись № 9850328)

Подробности
000 -МАРКЕР
контрольное поле 01131nam0a22003011 4500
001 - ИДЕНТИФИКАТОР ЗАПИСИ
контрольное поле RU\NLR\A1SV\30890
005 - ИДЕНТИФИКАТОР ВЕРСИИ
контрольное поле 20251203171251.9
035 ## - ДРУГИЕ СИСТЕМНЫЕ НОМЕРА
Идентификатор записи (NLR Aleph) 009714790
100 ## - ДАННЫЕ ОБЩЕЙ ОБРАБОТКИ
Данные общей обработки 20110722d1926 u y0rusy50 ca
101 0# - ЯЗЫК РЕСУРСА
Язык текста, звукозаписи и т.д. русский
Язык резюме французский
102 ## - СТРАНА ПУБЛИКАЦИИ ИЛИ ПРОИЗВОДСТВА
Страна публикации Российская Федерация
200 1# - ЗАГЛАВИЕ И СВЕДЕНИЯ ОБ ОТВЕТСТВЕННОСТИ
Основное заглавие Материалы по геологическому изучению Тамбуканского озера
Первые сведения об ответственности Н.Н.Славянов
Последующие сведения об ответственности Геол. ком.
210 ## - ПУБЛИКАЦИЯ, РАСПРОСТРАНЕНИЕ И ДР.
Место издания, распространения и т.д. Л.
Имя издателя, распространителя и т. д. Геол. ком.
Дата издания, распространения и т.д. 1926
215 ## - ФИЗИЧЕСКАЯ ХАРАКТЕРИСТИКА
Специфическое обозначение материала и объем 34 с., 2 л. черт.
Другие сведения о физической характеристике карт., диагр.
Размеры 26 см
225 ## - СЕРИЯ
Основное заглавие серии Материалы по общей и прикл. геологии
Обозначение тома Вып.41
300 ## - ОБЩИЕ ПРИМЕЧАНИЯ
Текст примечания Авт., загл. и сер. на рус. и фр. яз.; резюме на фр. яз.
320 ## - ПРИМЕЧАНИЯ О НАЛИЧИИ В ДОКУМЕНТЕ БИБЛИОГРАФИИ / УКАЗАТЕЛЯ
Текст примечания Библиогр. в тексте
620 ## - МЕСТО И ДАТА ПУБЛИКАЦИИ, ИСПОЛНЕНИЯ И Т. Д.
Город Санкт-Петербург
700 #1 - ИМЯ ЛИЦА - ПЕРВИЧНАЯ ОТВЕТСТВЕННОСТЬ
Начальный элемент ввода Славянов
Часть имени, кроме начального элемента ввода Н.Н.
Даты 1878-1958
Расширение инициалов личного имени Николай Николаевич
801 #0 - ИСТОЧНИК ЗАПИСИ
Страна Российская Федерация
Организация NLR
Дата составления 20110722
852 ## - МЕСТОНАХОЖДЕНИЕ И ШИФР ХРАНЕНИЯ
Идентификатор организации NLR
Шифр хранения (Call Number) 37.76.8.8-41
852 ## - МЕСТОНАХОЖДЕНИЕ И ШИФР ХРАНЕНИЯ
Идентификатор организации NLR
Шифр хранения (Call Number) 132/1012-41
899 ## - ДАННЫЕ О МЕСТОНАХОЖДЕНИИ (устаревшее)
Местонахождение РГБ
942 ## - ДОПОЛНИТЕЛЬНЫЕ ЭЛЕМЕНТЫ ЗАПИСИ (АБИС)
Тип экземпляра АБИС Книга
980 ## - КОЛЛЕКЦИЯ
Название коллекции Национальная библиография
980 ## - КОЛЛЕКЦИЯ
Название коллекции Международный сводный каталог русской книги (1918-1926)

Нет доступных экземпляров.